[Event "Ruhrgebiet VK1 0910"]
[Site "Ruhrgebiet"]
[Date "2009.10.18"]
[Round "3.5"]
[White "Mainusch, Martin"]
[Black "Mewes, Karsten"]
[Result "1-0"]
[WhiteElo "2116"]
[BlackElo "2063"]
[PlyCount "73"]
[EventDate "2009.09.06"]
[EventType "team"]
[EventRounds "9"]
[EventCountry "GER"]
[SourceTitle "EXT 2011"]
[Source "ChessBase"]
[SourceDate "2010.11.26"]
[SourceVersion "1"]
[SourceVersionDate "2010.11.26"]
[SourceQuality "1"]
[WhiteTeam "Muelheim Nord III"]
[BlackTeam "Castrop Rauxel II"]
[WhiteTeamCountry "GER"]
[BlackTeamCountry "GER"]

1. Nf3 d5 2. g3 Nf6 3. Bg2 c6 4. 0-0 Bf5 5. d3 e6 6. Nh4 Bg4 7. Nd2 e5 8. Qe1 Bd6 9. e4 0-0 10. f4 exf4 11. gxf4 Be7 12. Nhf3 Nh5 13. h3 Bxf3 14. Nxf3 dxe4 15. dxe4 f5 16. e5 Na6 17. Be3 Bc5 18. Bxc5 Nxc5 19. Qe3 Qb6 20. Nd4 Ne6 21. c3 g6 22. b3 Rfd8 23. Rad1 Nhxf4 24. Rxf4 Nxf4 25. Qxf4 c5 26. c4 Rxd4 27. Rxd4 cxd4 28. Bd5+ Kg7 29. e6 d3+ 30. Kf1 Kf6 31. Qh4+ Ke5 32. Qg3+ Kd4 33. Qf4+ Kc3 34. Qc1+ Kd4 35. Qf4+ Kc3 36. Qc1+ Kd4 37. Qb2+ 1-0

[Event "Oberhausen op"]
[Site "Oberhausen"]
[Date "2009.04.12"]
[Round "6"]
[White "Mainusch, Martin"]
[Black "Chetverik, Maxim"]
[Result "0-1"]
[WhiteElo "2112"]
[BlackElo "2318"]
[PlyCount "61"]
[EventDate "2009.04.09"]
[EventType "swiss"]
[EventRounds "7"]
[EventCountry "GER"]
[SourceTitle "CBM 129 Extra"]
[Source "ChessBase"]
[SourceDate "2009.05.05"]
[SourceVersion "2"]
[SourceVersionDate "2009.05.20"]
[SourceQuality "1"]

1. Nf3 f5 2. g3 Nf6 3. Bg2 e6 4. 0-0 Be7 5. d3 0-0 6. Nbd2 d6 7. e4 fxe4 8. dxe4 e5 9. c3 Kh8 10. h3 Qe8 11. Nh4 Be6 12. Qe2 Nbd7 13. Nc4 Nc5 14. a4 Nb3 15. Rb1 Qxa4 16. Ne3 Nxe4 17. Nef5 Bxh4 18. Nxh4 Nf6 19. Re1 Nxc1 20. Rbxc1 Qb3 21. g4 Nd5 22. Be4 Nf4 23. Qe3 Qb6 24. Qg3 d5 25. Bf5 Bxf5 26. Nxf5 Qf6 27. Rcd1 c6 28. c4 g6 29. Nh4 e4 30. cxd5 cxd5 31. Re2 0-1

[Event "Ruhrgebiet VK1 0708"]
[Site "Germany"]
[Date "2008.02.17"]
[Round "6.4"]
[White "Mainusch, Martin"]
[Black "Kotlar, Alfred"]
[Result "1-0"]
[WhiteElo "2112"]
[BlackElo "2119"]
[PlyCount "79"]
[EventDate "2007.09.16"]
[EventType "team-tourn"]
[EventRounds "9"]
[EventCountry "GER"]
[SourceTitle "EXT 2009"]
[Source "ChessBase"]
[SourceDate "2008.11.26"]
[SourceVersion "1"]
[SourceVersionDate "2008.11.26"]
[SourceQuality "1"]
[WhiteTeam "Muelheim Nord III"]
[BlackTeam "Altstadt RE"]
[WhiteTeamCountry "GER"]
[BlackTeamCountry "GER"]

1. Nf3 Nf6 2. g3 d5 3. Bg2 Bf5 4. d3 e6 5. Nbd2 h6 6. 0-0 Bc5 7. b3 0-0 8. Bb2 Nbd7 9. h3 c6 10. Qe1 Qc7 11. Kh1 a5 12. e4 dxe4 13. dxe4 Bg6 14. a3 Rfd8 15. Nh4 Bh7 16. f4 Be7 17. Qe2 Ne8 18. Nhf3 Bf6 19. Bxf6 Nexf6 20. e5 Nd5 21. Nc4 Nc3 22. Qe3 Ne4 23. Ne1 Nec5 24. Nd6 Na6 25. Nd3 Rab8 26. Be4 Bxe4+ 27. Qxe4 Nac5 28. Nxc5 Nxc5 29. Qe3 b6 30. f5 exf5 31. Rxf5 Rd7 32. Raf1 f6 33. Nc4 Re8 34. b4 axb4 35. axb4 Na4 36. Qb3 b5 37. Nd6+ Kh7 38. Nxe8 Qb7 39. Nd6 Qa8 40. Qf3 1-0